[Event "HCL-B155"]
[Site "www.playchess.de"]
[Date "2001.02.22"]
[Round "18"]
[White "Yogibear"]
[Black "Westqualmer"]
[WhiteElo "1898"]
[BlackElo "1200"]
[PlyCount "112"]
[Result "0-1"]

1.Nf3 {Hallo und viel Spass}  Nf6 {danke, dir 
auch}  2.c4 e6 3.d4 b6 4.g3 Bb7 5.Bg2 Be7 6.Nc3 
Ne4 7.Bd2 Bf6 8.O-O O-O 9.Rc1 c5 10.d5 exd5 
11.cxd5 Nxd2 12.Nxd2 d6 13.Qb3 Ba6 14.Rfe1 Qe7 
15.Nce4 Nd7 16.Bh3 Rad8 17.Qa4 Nb8 18.Qc2 h6 
19.Nxf6+ Qxf6 20.e4 Rfe8 21.Re3 Bc8 22.Bxc8 Rdxc8 
23.Rf3 Qg6 24.Ra3 Rc7 25.f4 Nd7 26.Re1 Nf6 27.Qa4 
Rce7 28.Qc6 Nxe4 29.Nxe4 R7xe4 30.Qxe8+ Rxe8 
31.Rxe8+ Kh7 32.Re2 Qb1+ 33.Kf2 a5 34.h4 Kg6 
35.Rd2 Qc1 36.Rad3 c4 37.R3d4 b5 38.Re2 Kf5 
39.Rde4 Qh1 40.Rd4 Kg4 41.Rde4 h5 42.a3 Qd1 
43.R4e3 Qxd5 44.Kg1 f6 45.Kh2 Qd1 46.R2e1 Qc2+ 
47.R1e2 Qf5 48.R3e7 g6 49.Rd2 b4 50.axb4 axb4 
51.Ree2 Qc5 52.Rd1 c3 53.f5 g5 54.hxg5 Kxg5 
55.bxc3 bxc3 56.Rf1 d5 0-1

[Event "HCL-B165"]
[Site "www.playchess.de"]
[Date "2001.02.22"]
[Round "1"]
[White "sonnygarcia"]
[Black "Vampyr"]
[WhiteElo "1141"]
[BlackElo "1300"]
[PlyCount "30"]
[Result "1/2-1/2"]

1.e4 c5 2.c3 e6 3.d4 d5 4.e5 Nc6 5.Nf3 Qb6 6.Be2 
cxd4 7.cxd4 Nh6 8.Bxh6 Qxb2 9.Nbd2 gxh6 10.Nb3 
Bb4+ {it is win for me.I think you should give up} 
 11.Nfd2 Bxd2+ 12.Qxd2 Qxd2+ 13.Kxd2 b6 14.Bb5 Bb7 
15.Rhc1 Rc8 1/2-1/2

[Event "ACL-E003"]
[Site "www.playchess.de"]
[Date "2001.02.22"]
[Round "3"]
[White "peze"]
[Black "traga"]
[WhiteElo "1869"]
[BlackElo "1838"]
[PlyCount "45"]
[Result "1-0"]

1.e4 {Hallo und herzlichen}  e5 {wehe du läßt mich 
da nicht gewinnen!}  2.Nf3 {...hast Du nicht 
nötig. Wird etwas dauern bis das Turnier voll ist. 
Hier spielen noch nicht viele.}  Nf6 {naja, wir 
können ja miteinander.}  3.d4 {...dann woll'n wir 
mal}  Nxe4 {bin online...}  4.Bd3 {...das geht ja 
flott von der Hand.}  d5 {bei mir doch immer ... 
fast....}  5.Nxe5 {...ich "renne" den ganzen Abend 
von Brett zu Brett.}  Nd7 {armer du!}  6.Nxd7 
{...die Tastatur glüht, die Maus raucht und mir 
qualmen die Socken. Bis gleich!}  Bxd7 {guten 
morgen!}  7.O-O {Ein schönes Wochnende mit viel 
Schach wünsche ich Dir.}  Qh4 {ja hab eh zeit}  
8.c4 O-O-O {bei uns schneit es wie irr}  9.c5 
{...nach Schnee in der Nacht heute nur Regen, 
Regen, Regen!}  Be7 {alles weiß bei uns, freu mich 
schonmorgen aufs autofahren...}  10.Nc3 {...na 
dann viel Spaß!}  Nf6 {großes tauwetter beiuns, 
mit regen, alles fast weg.}  11.Ne2 {...das Wetter 
haten wir gestern u. immer noch. Interessante 7. 
Reihe!}  Rhe8 {ja irgendwie furchtererregend!}  
12.b4 {... wie eine römische Legion vor dem 
Gemetzel!}  Ne4 13.b5 Be6 14.Qc2 {Da! Einer hat 
sich bewegt! Erstaunlich! :-))}  Bf6 {bist du 
frech?}  15.a4 {Nööh! :-))}  Re7 16.a5 {Guten 
Abend! Wie ist das werte Befinden heute?}  Bg4 
{danke gut, arbeitsam, morgen auch, aber geld 
stinkt ja nicht!}  17.f3 Bh5 18.Ra4 Bg6 19.fxe4 
dxe4 20.Bc4 e3 21.Qb3 {...ein vorwitziges 
Bürschlein!}  Rxd4 22.b6 cxb6 23.cxb6 1-0

[Event "ACL-A082"]
[Site "www.playchess.de"]
[Date "2001.02.22"]
[Round "12"]
[White "Goofy16081981"]
[Black "Quantic_Brain"]
[WhiteElo "1500"]
[BlackElo "1500"]
[PlyCount "24"]
[Result "0-1"]

1.e4 e5 2.Nf3 Nc6 3.Bb5 a6 4.Bxc6 dxc6 5.O-O Qd6 
6.d3 Ne7 7.b3 Ng6 8.Na3 b5 9.c3 c5 10.Nc2 Be7 
11.a4 b4 12.cxb4 cxb4 0-1

[Event "HCL-A073"]
[Site "www.playchess.de"]
[Date "2001.02.22"]
[Round "14"]
[White "markjburden"]
[Black "hominoid"]
[WhiteElo "1368"]
[BlackElo "1426"]
[PlyCount "70"]
[Result "0-1"]

1.d4 c5 2.d5 e6 3.Nc3 Nf6 4.Bg5 d6 5.e4 Be7 6.Bb5+ 
Bd7 7.dxe6 fxe6 8.Bxf6 Bxf6 9.Qxd6 Bxc3+ 10.bxc3 
Bxb5 11.Qxe6+ Qe7 12.Qc8+ Kf7 13.Qf5+ Qf6 14.Qxc5 
Re8 15.O-O-O Qh6+ 16.Kb2 Qb6 17.Qh5+ Kg8 18.Qd5+ 
Kh8 19.Ka1 Bc6 20.Qf7 Na6 21.f3 Qf2 22.Nh3 Qxc2 
23.Rdc1 Qa4 24.Nf4 Ref8 25.Qxg7+ Kxg7 26.Ne6+ {my 
only hope in this game are my pawns :)}  Kg8 
27.Nxf8 Rxf8 28.Rcb1 Nc5 29.Rb2 {this is going the 
way i feared it might:)}  Rd8 30.Rhb1 Rd1 31.Rxd1 
Qxd1+ 32.Rb1 Qd2 33.c4 Qc3+ 34.Rb2 Na4 35.a3 
{thanks very much for the game}  Qxb2+ {thank you 
for the game}  0-1

[Event "HCL-A073"]
[Site "www.playchess.de"]
[Date "2001.02.22"]
[Round "27"]
[White "Blunderer"]
[Black "markjburden"]
[WhiteElo "1945"]
[BlackElo "1368"]
[PlyCount "31"]
[Result "1-0"]

1.e4 e5 {good luck}  2.f4 exf4 3.Nf3 g5 4.Bc4 g4 
5.O-O gxf3 6.Qxf3 Qf6 7.e5 Bc5+ 8.Kh1 Qxe5 9.d3 d6 
10.Bxf4 Qf6 11.Nc3 Nc6 12.Nd5 Qd8 13.Rae1+ Nce7 
14.Rxe7+ Nxe7 15.Nf6+ Kf8 16.Bh6+ 1-0

[Event "HCL-B169"]
[Site "www.playchess.de"]
[Date "2001.02.22"]
[Round "9"]
[White "player27"]
[Black "Yogibear"]
[WhiteElo "1461"]
[BlackElo "1890"]
[PlyCount "44"]
[Result "0-1"]

1.b4 {hi Jürgen, muss meine HCL-Bilanz etwas 
aufpolieren,läuft nicht besonders gut}  c6 {hi 
Andi. denke,dass ich dafür das richtige Opfer 
bin!}  2.Bb2 {dafür bin ich ja fair hier in 
HCL-deine 1890 sind schwer zu schlagen, dennoch 
spannend. Spiel! andy}  a5 {die 1890 können aber 
schnell vergehen,besonders bei Gegnern wie du!}  
3.a3 { : ) Danke}  Qb6 4.c4 {anmeldung zu den Th. 
bei freechess geht schleppend voran-sind alle zu 
verbissen dort}  e6 {da ist es hier schon 
angenehmer!}  5.d4 d6 6.e3 axb4 {kam die mail an, 
hatte auf das malheur in freechess geantwortet! 
Gruss Jürgen}  7.axb4 {danke,alles klar,Tonline 
sendet wieder--keine Hektik,abwarten bis zum 
Abend- gruss andy}  Rxa1 {Gruß zurück, bis dann! 
Jürgen}  8.Bxa1 Qxb4+ 9.Bc3 Qb6 {Schönes 
Wochenende!}  10.Nf3 d5 11.Nbd2 Nd7 12.c5 {Musik 
in meinen Ohren : )}  Qa7 13.Qa1 Qxa1+ 14.Bxa1 e5 
15.g3 e4 16.Ng1 {vergiss nicht freechess-mit den 
TL*s ist gar nicht gut Kirschen essen *g*}  Be7 
{....wird prompt erledigt!}  17.Bh3 Ngf6 18.Ngf3 
exf3 {??? du gibst immer wieder Überraschungen 
auf!Jürgen}  19.Nxf3 {ich lehne mich ganz 
entspannt zurück *g*}  O-O {kannst du auch bei der 
Gewinnstellung für Schwarz!Gruß Jürgen}  20.Bf1 
{bist du dir da ganz sicher... ? *g*}  b6 {nöö, 
hast bestimmt noch was in petto! Gruß Jürgen}  
21.cxb6 {na dann...}  Bb4+ {ein kleines 
Freundschaftsschach!}  22.Kd1 {na klar! -> wie 
heisst das Spiel?}  Ne4 {hast natürlich recht, 
jetzt lehne ich mich zurück! N `abend!} 
 0-1

[Event "HCL-C174"]
[Site "www.playchess.de"]
[Date "2001.02.22"]
[Round "2"]
[White "Pietros"]
[Black "yaroslav"]
[WhiteElo "1372"]
[BlackElo "1000"]
[PlyCount "23"]
[Result "1-0"]

1.e4 c5 2.Bc4 d6 3.Nc3 g6 4.Qf3 Nf6 5.Nd5 e6 
6.Nxf6+ Ke7 7.d3 Bg7 8.Bg5 h6 9.Nd5+ Kd7 10.Bb5+ 
Nc6 11.Qxf7+ Qe7 12.Qxe7+ 1-0

[Event "ACL-A092"]
[Site "www.playchess.de"]
[Date "2001.02.22"]
[Round "14"]
[White "Blitzmich"]
[Black "jjbranc"]
[WhiteElo "1641"]
[BlackElo "1500"]
[PlyCount "67"]
[Result "1-0"]

1.d4 {good luck! Ralf}  d5 2.Nf3 e6 3.Bg5 Nf6 
4.Nbd2 g6 5.e4 Bg7 6.e5 Nbd7 7.exf6 Bxf6 8.Bxf6 
Qxf6 9.Bd3 e5 10.dxe5 Nxe5 11.Qe2 O-O 12.Qxe5 
Qxe5+ 13.Nxe5 Re8 14.f4 f6 15.Ndf3 fxe5 16.Nxe5 g5 
17.O-O gxf4 18.Rae1 Be6 19.Rxf4 Re7 20.Ng4 Rae8 
21.Nf6+ Kf8 22.Nxh7+ Kg8 23.Nf6+ Kf8 24.Nxe8+ Kxe8 
25.h4 Kd7 26.h5 Kd6 27.Rf6 Kd7 28.Rfxe6 Rxe6 
29.Bf5 Ke7 30.Rxe6+ Kf7 31.h6 d4 32.Rg6 c5 33.h7 
d3 34.h8Q {%}  1-0

[Event "HCL-C177"]
[Site "www.playchess.de"]
[Date "2001.02.22"]
[Round "6"]
[White "patzer"]
[Black "German04"]
[WhiteElo "1000"]
[BlackElo "1220"]
[PlyCount "85"]
[Result "1-0"]

1.d4 {Hallo! Ich wünsche viel Spaß!}  d5 {Vielen 
Dank, Ich wünsche dir auch viel Spaß}  2.c4 e6 
3.g3 Nf6 4.Bg2 dxc4 5.Nf3 Nc6 6.O-O Bd6 7.Nbd2 Na5 
8.Qa4+ Nc6 9.Ne5 Bd7 10.Nxc6 Bxc6 11.Bxc6+ bxc6 
12.Qxc6+ Nd7 13.Nxc4 O-O 14.Nxd6 cxd6 15.Qxd6 Qc8 
16.Bf4 Rd8 17.Qc7 Qa6 18.e3 Rac8 19.Qd6 Qb5 20.b3 
Nf6 21.a4 Qxb3 22.Qa6 Ne4 23.Qxa7 Rc2 24.Qe7 Rf8 
25.Qh4 h6 26.Bxh6 Nxf2 27.Bxg7 f5 28.Qh8+ Kf7 
29.Qxf8+ Kg6 30.Qf6+ Kh5 31.Qh6+ Kg4 32.Qh4+ Kf3 
33.Qf4+ Ke2 34.Rxf2+ Kd3 35.Rxc2 Kxc2 36.Qf2+ Kd3 
37.e4 fxe4 38.Bh6 Kc4 39.Rc1+ Kd5 40.Rc5+ Kd6 
41.Qf8+ Kd7 42.Qc8+ Kd6 43.Bf8+ 1-0

[Event "HCL-B174"]
[Site "www.playchess.de"]
[Date "2001.02.22"]
[Round "3"]
[White "Whatever"]
[Black "Jozef_De_Meye"]
[WhiteElo "1500"]
[BlackElo "1552"]
[PlyCount "29"]
[Result "1-0"]

1.e4 e5 2.Nf3 {good game to you.}  Nc6 {Thank you, 
same wishes for you !}  3.Bc4 Bc5 4.b4 Bxb4 5.c3 
Bc5 6.O-O Nf6 7.d4 exd4 8.cxd4 Be7 9.e5 Ne4 10.Bd5 
f5 11.Re1 d6 12.Qa4 Bd7 13.e6 Bc8 14.Bxc6+ bxc6 
15.Qxc6+ 1-0

[Event "HCL-C178"]
[Site "www.playchess.de"]
[Date "2001.02.22"]
[Round "7"]
[White "Pocman"]
[Black "dakini"]
[WhiteElo "1428"]
[BlackElo "1438"]
[PlyCount "47"]
[Result "1-0"]

1.d4 d5 2.c4 e6 3.Nc3 Bb4 4.e3 Bxc3+ 5.bxc3 Nf6 
6.Nf3 Nc6 7.Bd3 O-O 8.O-O Re8 9.Qc2 g6 10.e4 dxe4 
11.Bxe4 Nxe4 12.Qxe4 b6 13.Qxc6 Bb7 14.Qxb7 a5 
15.Qe4 f5 16.Qc2 c5 17.Bg5 Qc7 18.d5 e5 19.Rfe1 e4 
20.Qe2 exf3 21.Qxe8+ Rxe8 22.Rxe8+ Kf7 23.Rae1 Qe7 
24.R1xe7+ 1-0

[Event "HCL-C179"]
[Site "www.playchess.de"]
[Date "2001.02.22"]
[Round "15"]
[White "urga3"]
[Black "guigao"]
[WhiteElo "1000"]
[BlackElo "1000"]
[PlyCount "26"]
[Result "0-1"]

1.e4 e5 2.Nf3 Nc6 3.Nc3 Bc5 4.Bc4 d6 5.Ng5 Qxg5 
6.O-O Bg4 7.d3 Qg6 8.Qd2 h6 9.g3 Bh3 10.Re1 Qf6 
11.Nd5 Qf3 12.Nxc7+ Kd8 13.Nd5 
Qg2+ 0-1

[Event "HCL-C183"]
[Site "www.playchess.de"]
[Date "2001.02.22"]
[Round "5"]
[White "Tigger"]
[Black "chipc"]
[WhiteElo "1000"]
[BlackElo "605"]
[PlyCount "31"]
[Result "1-0"]

1.e4 e5 {Hello from Harrisburg, Pennsylvania in 
the USA!}  2.Nf3 {Hello from Mainz in Germany! 
Here its 6pm now and I am just leaving my office. 
Take care!}  Nc6 {It's just past 12:30 here and I 
just finished my lunch. Have a nice weekend!}  
3.Bb5 {So back again - and another week to start. 
Weekend was fine, I hope yours too?}  Qf6 {My 
weekend was busy, but relaxing. I played a lot of 
internet chess.}  4.Nc3 {sounds great! We visited 
Heideldberg which was fun too. I only find very 
little time for chess.}  Nge7 {I have to admit, 
I'm a chess addict!}  5.d3 {You´re lucky when you 
habe enough time. I love chess but job and family 
makes it too difficult ...}  h6 {I find it 
relaxing to play a few games before going to bed 
at night. I'm chipc on www.freechess.org}  6.O-O 
{Playing before going to bed does not work for me. 
Keeps me away from sleeping ;-)}  a6 {I usually 
play until about midnight....or until I start 
losing several games in a row!}  7.Bc4 {I never 
played online chess. Maybe I will give a try 
sometime. At night I´m to tired ;-)}  b5 {I have 
accounts at 3 different chess servers: FICS, ICC 
and chess.net.}  8.Bd5 {Oops, looks like you have 
far more playing experience.}  Nxd5 {You seem to 
be playing very well here!}  9.Nxd5 {Thanks. Your 
early Qf6 was a surprise. I only try to develop my 
pieces ...}  Qd6 {Well, that move will probably 
backfire on me!}  10.c4 {I like my Nd5 .... he 
needs some support ;-)}  b4 11.c5 {your Pawn moves 
- my pawn moves}  Qxc5 {I'm really regretting that 
early Q move now!}  12.Nxc7+ {Your Q move was OK, 
your b4 was high risk.}  Kd8 {I HATE getting 
forked!}  13.Be3 {me too, happened to me quite 
often. I got used to it.}  Qd6 {I don't think I'll 
ever get used to it!}  14.Nxa8 {sorry for my late 
response, I was ill the last days. I spend some 
hours in the restrooms ;-(}  Be7 {I hope you're 
better now! I missed you.}  15.Nb6 {Nice to hear! 
A little bit weak, but far better than the last 
days.}  Kf8 {Playing chess will make you 
stronger!}  16.Rb1 {sorry for that unexpected end 
of our game. take care! Tigger} 
 1-0

[Event "HCL-A079"]
[Site "www.playchess.de"]
[Date "2001.02.22"]
[Round "19"]
[White "One_i"]
[Black "Gorodish"]
[WhiteElo "1600"]
[BlackElo "1699"]
[PlyCount "58"]
[Result "0-1"]

1.d4 {good luck to you from Canada}  f5 {greetings 
from germany}  2.Nf3 Nf6 3.Bg5 e6 4.c3 c5 5.e3 
cxd4 6.exd4 h6 7.Bxf6 Qxf6 8.Nbd2 b6 9.Bc4 Bb7 
10.Qe2 Bd6 11.h3 Bc7 12.O-O-O a6 13.g4 b5 14.Bb3 
Nc6 15.gxf5 Qxf5 16.Rhg1 g5 17.Bc2 Qxh3 18.Rgh1 
Qg4 19.Kb1 O-O-O 20.Qd3 Rdf8 21.Bb3 Na5 22.Rhg1 
Rxf3 23.Qxf3 Bxf3 24.Rxg4 Bxg4 25.f3 Bf5+ 26.Bc2 
h5 27.Rh1 Bf4 28.Ne4 Nc4 29.Nf6 
Nd2+ 0-1

[Event "HCL-E028"]
[Site "www.playchess.de"]
[Date "2001.02.22"]
[Round "4"]
[White "Jeroen"]
[Black "NOHAU"]
[WhiteElo "2164"]
[BlackElo "2270"]
[PlyCount "25"]
[Result "1-0"]

1.e4 {Good luck! (Hals und Beinbruch :))}  e5 {tot 
ziens}  2.f4 Qf6 3.Nf3 Qxf4 4.Nc3 Bb4 5.Bc4 Bxc3 
6.O-O Ba5 7.d4 {this is a weird variation I never 
played before; very curious if I know to find the 
"right" way....}  Qxe4 {abgelehntes Königsgambit 
??!!}  8.Bxf7+ {yes! the 2...Qf6 (and  6.0-0!) 
variation :) Never played that. KGD always with 
2...d5 or Nf6.}  Kd8 9.Bxg8 Rxg8 10.Bg5+ Ke8 
11.Nxe5 g6 12.c3 d6 13.Qb3 1-0

[Event "HCL-B164"]
[Site "www.playchess.de"]
[Date "2001.02.22"]
[Round "22"]
[White "pird"]
[Black "iq160"]
[WhiteElo "1487"]
[BlackElo "1301"]
[PlyCount "58"]
[Result "0-1"]

1.e4 e5 2.Nf3 Nc6 3.d4 exd4 4.Bc4 Bb4+ 5.c3 dxc3 
6.O-O Nf6 7.a3 Ba5 8.b4 Bb6 9.Nxc3 d6 10.Bg5 h6 
11.Bh4 O-O 12.Rc1 Be6 13.Bxe6 fxe6 14.Qe2 g5 
15.Bg3 Nh5 16.Qc4 Qf6 17.Rc2 Nxg3 18.hxg3 g4 
19.Nh4 Ne5 20.Qe2 c6 21.Nd1 d5 22.exd5 exd5 23.Ne3 
Qg5 24.Nd1 Rae8 25.Qd2 Qxd2 26.Rxd2 Nc4 27.Rd3 Kg7 
28.Nc3 Bxf2+ 29.Kh1 Bxg3 0-1

[Event "HCL-B186"]
[Site "www.playchess.de"]
[Date "2001.02.22"]
[Round "8"]
[White "Goldhair"]
[Black "Gruhni"]
[WhiteElo "1200"]
[BlackElo "1320"]
[PlyCount "57"]
[Result "1-0"]

1.e4 e5 2.Nf3 Nc6 3.Bc4 Bc5 4.c3 d6 5.d4 Bb6 
6.dxe5 dxe5 7.Qxd8+ Kxd8 8.Bxf7 Ke7 9.Bd5 Bd7 
10.Bg5+ Nf6 11.Nbd2 h6 12.Bh4 g5 13.Bg3 Nxd5 
14.exd5 Nd8 15.Nxe5 Rg8 16.Nec4 Nf7 17.Nxb6 cxb6 
18.O-O-O Kf8 19.h4 Kg7 20.hxg5 Nxg5 21.f3 Rae8 
22.Nc4 Re2 23.Rhg1 Bf5 24.Nd6 Bg6 25.Rd2 Rxd2 
26.Kxd2 Nf7 27.Nb5 Rd8 28.c4 Rd7 
29.Nxa7 1-0

[Event "HCL-B184"]
[Site "www.playchess.de"]
[Date "2001.02.22"]
[Round "12"]
[White "dg"]
[Black "Gruhni"]
[WhiteElo "1076"]
[BlackElo "1320"]
[PlyCount "74"]
[Result "1/2-1/2"]

1.e4 c5 2.g3 d5 3.Bg2 d4 4.d3 e5 5.Nf3 Nc6 6.O-O 
Bg4 7.Na3 Nf6 8.Bg5 h6 9.Bxf6 Qxf6 10.Nc4 b5 
11.Ncd2 Be7 12.c3 O-O 13.Rc1 Qd6 14.Qc2 Bxf3 
15.Nxf3 Rac8 16.Bh3 Rc7 17.c4 b4 18.b3 a5 19.Qe2 
Qd8 20.Rca1 Ra7 21.a4 Bg5 22.Nxg5 Qxg5 23.Rad1 g6 
24.Qg4 Qxg4 25.Bxg4 Ne7 26.f3 f5 27.Bh3 g5 28.Bg2 
f4 29.g4 Ng6 30.h3 Rh7 31.Kf2 Kf7 {I'd like to try 
a breakthroug at the h-line bevor we draw!}  
32.Rfh1 Rfh8 33.Rh2 h5 34.gxh5 R7xh5 {What about 
moving in our other game?}  35.Rdh1 {when i know 
what to do....}  Nh4 36.Kf1 Nxg2 37.Kxg2 {do offer 
draw if u are ready know}  Kg6 {Ok, draw!} 
 1/2-1/2

[Event "HCL-B184"]
[Site "www.playchess.de"]
[Date "2001.02.22"]
[Round "22"]
[White "Bauernopfer"]
[Black "Stefan"]
[WhiteElo "1307"]
[BlackElo "1383"]
[PlyCount "42"]
[Result "1/2-1/2"]

1.e4 d6 2.d4 Nf6 3.Nc3 g6 4.Nf3 Bg7 5.Bc4 O-O 
6.O-O Nxe4 7.Nxe4 d5 8.Bxd5 Qxd5 9.Nc3 Qa5 10.Bg5 
Re8 11.Re1 e6 12.Qd2 Nc6 13.a3 Qb6 14.Ne2 e5 
15.dxe5 Nxe5 16.Nxe5 Bxe5 17.c3 Bf5 18.Ng3 Bg4 
19.Re4 Bxg3 20.Rxg4 Be5 21.Rd1 
Bd6 1/2-1/2

[Event "HCL-A077"]
[Site "www.playchess.de"]
[Date "2001.02.22"]
[Round "16"]
[White "Avva"]
[Black "paule"]
[WhiteElo "1800"]
[BlackElo "1960"]
[PlyCount "35"]
[Result "1/2-1/2"]

1.e4 e6 2.d4 d5 3.Nd2 c5 4.Ngf3 Nf6 5.exd5 Nxd5 
6.Nb3 Nd7 7.c4 N5f6 8.dxc5 Qc7 9.Be2 Nxc5 10.O-O 
Bd7 11.Nxc5 Bxc5 12.Bd2 Ne4 13.b4 Nxd2 14.Qxd2 Be7 
15.Rab1 O-O 16.Qe3 Bf6 17.Nd2 Rfd8 
18.Ne4 1/2-1/2

[Event "HCL-B190"]
[Site "www.playchess.de"]
[Date "2001.02.22"]
[Round "36"]
[White "Pelikan"]
[Black "sundfar"]
[WhiteElo "1417"]
[BlackElo "1200"]
[PlyCount "39"]
[Result "1-0"]

1.e4 e5 2.Nf3 Nc6 3.Bc4 Bc5 4.c3 Nf6 5.d4 Bd6 
6.O-O O-O 7.Re1 Re8 8.Ng5 Rf8 9.f4 Be7 10.fxe5 Ne8 
11.Nxf7 Rxf7 12.Qh5 g6 13.Bxf7+ Kh8 14.Bxg6 Nf6 
15.exf6 Qg8 16.fxe7 Nxe7 17.Bf7 Qg7 18.Bh6 Qf6 {It 
is not easy to "relax" here.}  19.Rf1 Qb6 
20.Qe5+ 1-0

[Event "HCL-B192"]
[Site "www.playchess.de"]
[Date "2001.02.22"]
[Round "16"]
[White "jabbaman"]
[Black "rockmountain"]
[WhiteElo "1282"]
[BlackElo "761"]
[PlyCount "29"]
[Result "1-0"]

1.e4 e5 2.f4 {PTL - Howdy from Victoria, BC, 
Canada!}  exf4 {howdy from Miamisburg, Ohio}  
3.Nf3 Nf6 4.Bc4 Bc5 5.d4 Bb4+ 6.c3 Ba5 7.O-O Nc6 
8.Bxf4 Nxe4 9.Bxf7+ Kxf7 10.Ng5+ Kg8 11.Nxe4 d5 
12.Bg5 Ne7 13.Qh5 Bf5 14.Rxf5 g6 
15.Nf6+ 1-0

[Event "ACL-A002"]
[Site "www.playchess.de"]
[Date "2001.02.22"]
[Round "1"]
[White "Queen"]
[Black "Penroyal"]
[WhiteElo "1500"]
[BlackElo "1500"]
[PlyCount "44"]
[Result "0-1"]

1.d4 Nf6 2.Nf3 c5 3.dxc5 e6 4.c6 Nxc6 5.Nc3 d5 
6.Bg5 Be7 7.Qd2 O-O 8.O-O-O Qa5 9.Nb1 Qxa2 10.Qe3 
Bd7 11.Nc3 Qa5 12.Ne5 Nxe5 13.Qxe5 Ng4 14.Qf4 Bxg5 
15.Qxg5 Nxf2 16.Rg1 Nxd1 17.Nxd1 Rac8 18.Nc3 b5 
19.e4 b4 20.Ne2 b3 21.Qe7 Rxc2+ 22.Kd1 
Qd2+ 0-1

[Event "ACL-A002"]
[Site "www.playchess.de"]
[Date "2001.02.22"]
[Round "3"]
[White "Penroyal"]
[Black "Lonesome"]
[WhiteElo "1500"]
[BlackElo "1500"]
[PlyCount "76"]
[Result "0-1"]

1.d4 f5 2.Nf3 Nf6 3.Bf4 e6 4.e3 d5 5.Nbd2 Be7 
6.Bd3 b6 7.c3 O-O 8.Qe2 c5 9.O-O Nc6 10.Ne5 Nxe5 
11.Bxe5 c4 12.Bc2 Bd7 13.f3 Be8 14.e4 Bg6 15.Bxf6 
Bxf6 16.Rae1 f4 17.Bb1 Bh4 18.Red1 Re8 19.e5 Bh5 
20.Kh1 Bg3 21.h3 Re7 22.Rfg1 Bh4 23.Nf1 Qf8 24.Nh2 
Be8 25.Nf1 Rf7 26.Bc2 b5 27.b3 Rc8 28.bxc4 bxc4 
29.Rb1 Bc6 30.Nh2 Bd8 31.Rgc1 Ba5 32.Ng4 h5 33.Nf2 
Bxc3 34.Bg6 Bxd4 35.Bxf7+ Qxf7 36.Nd1 Qf5 37.Qd2 
Qxe5 38.Nc3 Be3 0-1

[Event "ACL-A002"]
[Site "www.playchess.de"]
[Date "2001.02.22"]
[Round "9"]
[White "JudgeMeek"]
[Black "Lonesome"]
[WhiteElo "1500"]
[BlackElo "1500"]
[PlyCount "70"]
[Result "1/2-1/2"]

1.e4 d5 2.exd5 Qxd5 3.Nc3 Qd6 4.d4 Nf6 5.Nf3 c6 
6.Ne5 Bf5 7.Bc4 e6 8.g4 Bg6 9.h4 Nbd7 10.Nxd7 Qxd7 
11.h5 Be4 12.Nxe4 Nxe4 13.c3 Nf6 14.Bf4 Bd6 
15.Bxd6 Qxd6 16.Qf3 h6 17.O-O-O Nd5 18.Rhe1 Qf4+ 
19.Qxf4 Nxf4 20.Re4 Nd5 21.Bxd5 cxd5 22.Re5 Kd7 
23.f4 f6 24.Re2 Kd6 25.Kd2 b5 26.Rde1 Rhe8 27.g5 
hxg5 28.fxg5 f5 29.Ke3 Re7 30.Kf4 Rh8 31.Rh2 a5 
32.a3 Rb7 33.h6 g6 34.Rh3 Rhh7 35.Rhe3 
Rhe7 1/2-1/2

[Event "ACL-A002"]
[Site "www.playchess.de"]
[Date "2001.02.22"]
[Round "11"]
[White "Queen"]
[Black "Llewellyn_Adamson"]
[WhiteElo "1500"]
[BlackElo "1500"]
[PlyCount "84"]
[Result "0-1"]

1.Nf3 d5 2.d4 Nf6 3.Nc3 Bf5 4.e3 e6 5.Bb5+ c6 
6.Bd3 Ne4 7.Nxe4 dxe4 8.Nh4 Qxh4 9.O-O exd3 10.g3 
dxc2 11.gxh4 cxd1Q 12.Rxd1 Bg4 13.Rd3 Bf3 14.b3 
Bb4 15.Bd2 Be4 16.Bxb4 Bxd3 17.a4 Bc2 18.h5 Bxb3 
19.Rb1 Bxa4 20.h6 g5 21.Ra1 b5 22.Bd6 Kd7 23.Be5 
Rc8 24.Rc1 a5 25.h4 gxh4 26.Bf6 Rg8+ 27.Kf1 Rg6 
28.Ke2 Rxf6 29.Rh1 Rxh6 30.Kd3 h3 31.f4 h2 32.f5 
exf5 33.e4 Rh3+ 34.Ke2 Bc2 35.exf5 a4 36.Kd2 a3 
37.Kxc2 a2 38.Kb2 a1Q+ 39.Rxa1 Rxa1 40.Kxa1 h1Q+ 
41.Kb2 Qg2+ 42.Kc1 Rh1+ 0-1

[Event "ACL-A002"]
[Site "www.playchess.de"]
[Date "2001.02.22"]
[Round "12"]
[White "Llewellyn_Adamson"]
[Black "Penroyal"]
[WhiteElo "1500"]
[BlackElo "1500"]
[PlyCount "53"]
[Result "1-0"]

1.c4 e5 2.Nc3 Nc6 3.Nf3 f5 4.d4 e4 5.Ng5 Nf6 6.e3 
h6 7.Nh3 g5 8.Be2 Bg7 9.Bh5+ Kf8 10.Be2 d6 11.O-O 
Ne7 12.Qc2 c6 13.b3 Be6 14.f3 d5 15.fxe4 fxe4 
16.Ba3 Kg8 17.Nf2 Nf5 18.Qd2 Bf8 19.Bxf8 Kxf8 
20.Ng4 h5 21.Nxf6 Qxf6 22.cxd5 cxd5 23.g4 hxg4 
24.Bxg4 Kg7 25.Bxf5 Bxf5 26.Nxd5 Qd6 
27.Rxf5 1-0

[Event "ACL-A002"]
[Site "www.playchess.de"]
[Date "2001.02.22"]
[Round "15"]
[White "JudgeMeek"]
[Black "Llewellyn_Adamson"]
[WhiteElo "1500"]
[BlackElo "1500"]
[PlyCount "54"]
[Result "1/2-1/2"]

1.e4 c6 2.d4 d5 3.Nd2 dxe4 4.Nxe4 Nd7 5.Ng5 Ngf6 
6.Bd3 e6 7.N1f3 Bd6 8.Qe2 h6 9.Ne4 Nxe4 10.Qxe4 
Nf6 11.Qe2 Qc7 12.Bd2 b6 13.O-O-O Bb7 14.Kb1 Rd8 
15.Rhg1 c5 16.dxc5 Qxc5 17.Bc3 O-O 18.Bxf6 gxf6 
19.g4 Rfe8 20.h4 Kf8 21.Be4 Bxe4 22.Qxe4 f5 23.Qe2 
fxg4 24.Rxg4 Bc7 25.Nd4 Be5 26.c3 Bxd4 27.Rgxd4 
Rxd4 1/2-1/2

[Event "ACL-A002"]
[Site "www.playchess.de"]
[Date "2001.02.22"]
[Round "16"]
[White "FoXx"]
[Black "Queen"]
[WhiteElo "1500"]
[BlackElo "1500"]
[PlyCount "43"]
[Result "1-0"]

1.e4 e5 2.Nf3 Nc6 3.Bc4 Qe7 4.d3 Nd4 5.Ng5 d5 
6.Bxd5 Nxc2+ 7.Qxc2 Bd7 8.Nxf7 Qb4+ 9.Qc3 Qxc3+ 
10.Nxc3 Nf6 11.Nxh8 O-O-O 12.Nf7 Re8 13.Bg5 Ng4 
14.f3 Be6 15.Bxe6+ Rxe6 16.fxg4 h6 17.Nd8 hxg5 
18.Nxe6 Bb4 19.Rf1 g6 20.a3 Ba5 21.Nc5 Bb6 
22.Rf8+ 1-0

[Event "ACL-A002"]
[Site "www.playchess.de"]
[Date "2001.02.22"]
[Round "17"]
[White "Penroyal"]
[Black "FoXx"]
[WhiteElo "1500"]
[BlackElo "1500"]
[PlyCount "21"]
[Result "1-0"]

1.d4 d5 2.Nf3 Nc6 3.Bf4 Bf5 4.c4 e6 5.Nc3 Nb4 
6.Rc1 dxc4 7.e4 Bg6 8.Bxc4 Nf6 9.Qe2 a6 10.O-O b5 
11.Nxb5 1-0